Multiplication table. (Record no. 116374)
[ view plain ]
| 000 -LEADER | |
|---|---|
| fixed length control field | 00351nam a2200145 a 4500 |
| 005 - DATE AND TIME OF LATEST TRANSACTION | |
| control field | 20140513081052.0 |
| 008 - FIXED-LENGTH DATA ELEMENTS--GENERAL INFORMATION | |
| fixed length control field | 030203s19uu xx 00 eng d |
| 050 ## - LIBRARY OF CONGRESS CALL NUMBER | |
| Classification number | P 513.2 |
| Item number | MUL |
| 245 ## - TITLE STATEMENT | |
| Title | Multiplication table. |
| 260 ## - PUBLICATION, DISTRIBUTION, ETC. (IMPRINT) | |
| Name of publisher, distributor, etc | Straight Lines Int, |
| Date of publication, distribution, etc | 1995. |
| 300 ## - PHYSICAL DESCRIPTION | |
| Extent | Poster |
| 650 ## - SUBJECT ADDED ENTRY--TOPICAL TERM | |
| Topical term or geographic name as entry element | Mathematics--Posters |
| Withdrawn status | Lost status | Damaged status | Home library | Current library | Shelving location | Date acquired | Source of acquisition | Cost, normal purchase price | Total Checkouts | Full call number | Barcode | Date last seen | Price effective from | Koha item type |
|---|---|---|---|---|---|---|---|---|---|---|---|---|---|---|
| Elizalde Library | Elizalde Library | KIT Section | 02/03/2003 | 45.00 | P 513.2 MUL | E361 | 05/13/2014 | 05/13/2014 | Kits | |||||
| Elizalde Library | Elizalde Library | KIT Section | 02/03/2003 | 45.00 | P 513.2 MUL | E363 | 05/13/2014 | 05/13/2014 | Kits |